Statistics for Astronomy Groups of Things

Click here to take the quiz!

General Stats

  • This quiz has been taken 1,124 times
  • The average score is 26 of 36

Answer Stats

GroupAnswer% Correct
1Earth
99%
4Jupiter
99%
1Jupiter
99%
1Mars
99%
4Mars
99%
1Saturn
99%
4Venus
99%
1Venus
99%
1Mercury
98%
4Mercury
98%
1Neptune
98%
2Pluto
98%
1Uranus
98%
3Moon (Luna)
87%
4Moon (Luna)
87%
5Andromeda
86%
3Io
81%
4Sun
81%
3Titan
81%
5Milky Way
75%
3Ganymede
74%
3Europa
73%
2Ceres
67%
3Callisto
62%
6Voyager 1
57%
4Sirius
56%
2Eris
55%
6Voyager 2
55%
3Triton
48%
2Makemake
45%
2Haumea
34%
3Titania
33%
6New Horizons
18%
5Triangulum
16%
6Pioneer 10
11%
6Pioneer 11
11%

Score Distribution

Percentile by Number Answered

Percent of People with Each Score

Your Score History

You have not taken this quiz